000 00329nam a22001457a 4500
008 230413b ||||| |||| 00| 0 eng d
020 _a0394480473
041 _aeng
080 _a330.10
082 _a330.10JAC
100 _a23
101 _aECONO
245 _aCITIES AND THE WEALTH OF NATIONS
_cJACOBS .J
942 _2udc
_cBK
999 _c59526
_d59526